000 00842nam a2200265Ma 4500
008
020 _a0908306059 (hbk.)
049 _aMAIN
090 _aREF DT962
_bENC
245 0 0 _aTabex Encyclopedia Zimbabwe /
_c[Katherine Sayce, editor]
260 _aHarare:
_bQuest Publishing,
_c1987.
300 _axv, 431p :
_bill. (some col.), maps (some col.) ;
_c28 cm.
500 _aAt head of title: Tabex.
500 _aIncludes index.
500 _aOriginally published: Harare, Zimbabwe : Quest Pub., 1987.
651 0 _aZimbabwe
_xEncyclopedias.
700 1 _aSayce, Katherine.
710 2 _aTabex (Firm).
740 0 _a Tabex Encyclopedia Zimbabwe.
907 _a.b10206152
_b23-03-12
_c22-06-06
003
005 20230120191416.0
040 _cNUST
942 _cBOOKS
_kREF DT962
_mENC
999 _c100612
_d100612